Pacem in terris

Αποθηκεύτηκε σε:
Λεπτομέρειες βιβλιογραφικής εγγραφής
Κύριος συγγραφέας: Juan XXIII (Συγγραφέας)
Μορφή: Βιβλίο
Γλώσσα:Ισπανικά
Έκδοση: Santiago El Diario Ilustrado 1960
Θέματα:
Ετικέτες: Προσθήκη ετικέτας
Δεν υπάρχουν, Καταχωρήστε ετικέτα πρώτοι!

MARC

LEADER 00000nam a2200000 a 4500
001 UCT6438
003 CL-VaPUC
008 970113e19600000CL |||||||||||||||||spa|d
082 0 4 |a 262.91  |b JUA  |2 21 
100 |a Juan XXIII  |e author  |9 337271 
245 1 0 |a Pacem in terris 
300 |a 30  
942 |c BK 
945 |d 19970113 00:00:00  |a rbrito 
260 |a Santiago  |b El Diario Ilustrado  |c 1960 
650 0 |a Encíclicas  |9 255643 
650 0 |a Paz  |9 259242 
650 0 |a Documentos pontificios   |9 255642 
650 0 |a Universo  |9 266563 
650 7 |a HUMANIDAD  |2 CL-VaPUC  |9 309969 
650 7 |a DERECHO Y DEBERES  |2 CL-VaPUC  |9 376636 
650 7 |a PODERES PUBLICOS  |2 CL-VaPUC  |9 256979 
650 0 |a Catolicismo  |9 258690 
650 0 |a Pastorales   |9 376637 
650 0 |a Desarrollo económico  |9 259599 
650 0 |a Libertad  |9 255686 
650 7 |a CAPITALES  |2 CL-VaPUC  |9 376638 
583 |a last modification  |c 19970113 00:00:00  |k Rodrigo Vera 
999 |c 255144  |d 255142 
952 |0 0  |1 0  |2 ddc  |4 0  |6 262_910000000000000_JUA_1960  |7 0  |8 A  |9 277265  |a BIBDER  |b BIBDER  |d 2019-11-19  |i 3265358  |o 262.91 JUA 1960  |p 3265358  |r 2023-01-25  |w 2019-11-19  |y MX  |k DER